Statistics for 3-Letter Scrabble Words that start with "D"

Click here to take the quiz!

General Stats

  • This quiz has been taken 543 times
  • The average score is 40 of 51

Answer Stats

Answer % Correct
dam
95%
dab
94%
dag
93%
dad
92%
dan
92%
dot
92%
dog
91%
don
91%
day
91%
dig
90%
dip
90%
den
90%
dew
88%
din
88%
dim
87%
dap
87%
die
85%
daw
85%
did
85%
dal
84%
dom
83%
dah
82%
deb
82%
dit
80%
doe
80%
del
80%
dis
79%
dib
79%
dow
79%
dos
78%
dug
78%
dak
78%
dee
78%
doc
78%
def
75%
dor
75%
dub
74%
dol
74%
dun
73%
dif
73%
due
72%
dey
71%
dud
70%
dev
68%
dex
68%
dup
60%
duh
58%
duo
55%
dye
52%
dui
49%
dry
45%

Score Distribution

Percentile by Number Answered

Percent of People with Each Score

Your Score History

You have not taken this quiz